The insects : an outline of entomology /

Guardado en:
Autor Principal: Gullan, P. J.
Otros Autores: Cranston, P. S.
Formato: Libro
Idioma:English
Publicado: Malden, MA : Blackwell Pub., c2005.
Edición:3rd ed.
Etiquetas: Agregar Etiqueta
Sin Etiquetas, Sea el primero en etiquetar este registro!
LEADER 01276nam a22001815a 4500
001 EEA.libagro008577
005 20170928132328.0
008 130809s2005####xx#a##########000#0#eng#d
020 |a 1405111135 
082 0 4 |a 595.7 
100 1 |a Gullan, P. J. 
245 1 4 |a The insects :  |b an outline of entomology /  |c P.J. Gullan & P.S. Cranston ; with illustrations by K. Hansen McInnes. 
250 |a 3rd ed. 
260 |a Malden, MA :  |b Blackwell Pub.,  |c c2005. 
300 |a xvii, 505 p. :  |b il. ;  |c 26 cm. 
505 0 |a 1. The Importance and Diversity Of Insects -- 2. External Anatomy -- 3. Internal Anatomy And Physiology -- 4. Sensory Systems and Behavior -- 5. Reproduction -- 6. Insect Development and Life Histories -- 7. Insect Relationships -- 8. Insect Biogeography and Evolution -- 9. Ground-Dwelling Insects -- 10. Aquatic Insects -- 11. Insects and Plants -- 12. Insect Societies -- 13. Insect Predation and Parasitism -- 14. Insect Defense -- 15. Medical And Veterinary Entomology -- 16. Pest Management -- 17. Methods In Entomology: Collecting, Preservation, Curation And Identification -- Glossary of Entomological and Selected Technical Terms -- Appendix: A Reference Guide to Orders -- Index. 
700 1 |a Cranston, P. S. 
859 |a AR-BbBCA  |b BIB. AGRONOMIA  |h 595.7  |i G957a3  |p 2011/5990